01350nam a2200301 i 4500001001000000003000900010005001700019007000300036008004100039020001800080040003000098082000700128100003600135245010900171264006800280300005000348336002700398337003300425338002800458500002900486500003700515590002600552942001400578952014300592952014500735952015100880999001701031000044659DO-SdBNP20240716143844.0ta141215s2014 dr ac 001 0 spa d a9789945859225 aDO-SdBNPbspacBNPHUerda 42221 aTaveras, Lorena,913159eautora10aHijas de María Auxiliadora en las Antillas :bdiccionario bibliográfico 1974-2014 /cLorena Taveras. aSanto Domingo :bInstituto Hijas de María Auxiliadora,c2014. avolumen :bilustraciones y retratos ;c23 cm. 2rdacontentatextobtxt 2rdamediaasin mediaciónbn 2rdacarrieravolumenbnc aIncluye índice general aLa biblioteca posee el volumen 3 aInventariado, 2024/BT 2ddccLBS1 00102ddc56708DS-RaBNPHUbBNPHUcMId2014-12-15l0oBNPHU R-DS p44659-30r2020-06-25tv. 3, e.3w2020-06-25yLBS1ZPréstamo en sala 00102ddc56708DSaBNPHUbBNPHUcCTd2014-12-15eDeposito legall0oBNPHU R-PD p44659-10r2020-06-25tv.3w2020-06-25yLBS1ZNo se presta 00102ddc56708DSaBNPHUbBNPHUcCTd2014-12-15eDeposito legall0oBNPHU R-PD p44659-20r2020-06-25tv.3, e. 2w2020-06-25yLBS1ZNo se presta c44148d44148